Normal view
MARC view
Entry Topical Term
001 - CONTROL NUMBER
- control field: 6310
003 - CONTROL NUMBER IDENTIFIER
- control field: HDC
005 - DATE AND TIME OF LATEST TRANSACTION
- control field: 20230624073228.0
008 - FIXED-LENGTH DATA ELEMENTS
- fixed length control field: 210122|| aca||aabn | a|a d
040 ## - CATALOGING SOURCE
- Original cataloging agency: HDC
- Transcribing agency: HDC
150 ## - HEADING--TOPICAL TERM
- Topical term or geographic name entry element: Global Muslim consumer
670 ## - SOURCE DATA FOUND
- Source citation: Work cat.: (HDC): Goodman, John 6309, At the Frontier of the e-Ummah: , 2013
